| 000 | 01031nam a2200289 4500 | ||
|---|---|---|---|
| 001 | 112167 | ||
| 003 | ES-MaACL | ||
| 005 | 20230906185446.0 | ||
| 007 | t| | ||
| 008 | 061121s1965 sp ||||1| spa d | ||
| 080 | _a792(460)(091) | ||
| 080 | _a821.134.2-2.09 | ||
| 100 | 1 |
_aMuñoz, Matilde. _984332 |
|
| 245 | 1 | 0 |
_aHistoria del teatro en España / _cMatilde Muñoz ; (puesta al día con un apéndice de Álvaro Retana). |
| 260 |
_aMadrid : _bTesoro, _c1965. |
||
| 300 |
_a3 v. ; _c19 cm. |
||
| 490 | 1 |
_aJirafa ; _v50-52 |
|
| 505 | 8 | _aContiene: I. El drama y la comedia (310 p.) - II. La ópera y el Teatro Real (262 p.) - III. La zarzuela y el género chico (328 p.) | |
| 610 | 2 |
_aTeatro Real (Madrid)- _vHistoria. _96927 |
|
| 650 | 4 |
_aTeatro español- _xHistoria y crítica. _9136908 |
|
| 650 | 4 |
_aTeatro- _zEspaña- _xHistoria. _917302 |
|
| 650 | 4 |
_aÓpera- _zEspaña. _915709 |
|
| 700 | 1 |
_aRetana, Álvaro. _996352 |
|
| 830 | 1 |
_aJirafa ; _v50-52 _9186964 |
|
| 852 |
_aES-MaACL _jC-28223-25 |
||
| 999 |
_c112167 _d112167 |
||